[Event "10th Vellmar Chess Days"]
[Site "chess24.com"]
[Date "2018.07.15"]
[Round "6.27"]
[White "Rehbein, Ullrich"]
[Black "Gerhardt, Dirk"]
[Result "1-0"]
[WhiteElo "1756"]
[BlackElo "1904"]
[PlyCount "35"]
[EventDate "2018.??.??"]
[WhiteTeam "Deutschland"]
[BlackTeam "Deutschland"]
[WhiteTeamCountry "GER"]
[BlackTeamCountry "GER"]
[WhiteClock "1:30:30"]
[BlackClock "1:30:30"]

1. d4 d5 2. e4 c6 3. Nc3 dxe4 4. Nxe4 Nd7 5. Bc4 Ngf6 6. Ng5 e6 7. N1f3 h6 8.
Nh3 g5 9. Nfg1 Nb6 10. Bd3 Qxd4 11. Ne2 Qg4 12. O-O Bd7 13. a4 Bg7 14. f4 Nfd5
15. a5 Nc8 16. Qe1 f6 17. Bg6+ Ke7 18. Nf2 1-0

[Event "10th Vellmar Chess Days"]
[Site "chess24.com"]
[Date "2018.07.15"]
[Round "6.28"]
[White "Thomasson, Staffan"]
[Black "Kuschel, Heidi"]
[Result "1-0"]
[WhiteElo "1868"]
[BlackElo "1734"]
[PlyCount "107"]
[EventDate "2018.??.??"]
[WhiteTeam "Schweden"]
[BlackTeam "Deutschland"]
[WhiteTeamCountry "SWE"]
[BlackTeamCountry "GER"]
[WhiteClock "1:30:30"]
[BlackClock "1:30:30"]

1. c4 Nf6 2. g3 g6 3. Bg2 Bg7 4. Nc3 c5 5. e3 d6 6. Nge2 O-O 7. O-O Na6 8. a3
Rb8 9. Rb1 Be6 10. d3 Qd7 11. Nf4 Nc7 12. b4 cxb4 13. axb4 a6 14. b5 Ng4 15. b6
Ne8 16. Nxe6 Qxe6 17. Nd5 Ne5 18. Qb3 Qd7 19. Ba3 Nc6 20. Qa4 Rc8 21. Nb4 Nb8
22. Qxd7 Nxd7 23. Bxb7 Rb8 24. Bc6 Ne5 25. Bg2 Rxb6 26. Nd5 Rxb1 27. Nxe7+ Kh8
28. Rxb1 Nxd3 29. Rb6 a5 30. Ra6 Bc3 31. Ra8 Kg7 32. Nd5 Bb4 33. Bxb4 axb4 34.
Bf1 Nc5 35. Nxb4 Nc7 36. Ra2 Rb8 37. Nd5 N7a6 38. Kg2 f5 39. Be2 h5 40. h4 Kf7
41. Bf3 Rb4 42. Nxb4 Nxb4 43. Bd5+ Kf6 44. Rd2 Nbd3 45. Kf3 Ne5+ 46. Ke2 Ncd7
47. f4 Ng4 48. Bc6 Ke7 49. Bxd7 Kxd7 50. c5 d5 51. Rxd5+ Kc6 52. Rd6+ Kxc5 53.
Rxg6 Kd5 54. Rg5 1-0

[Event "10th Vellmar Chess Days"]
[Site "chess24.com"]
[Date "2018.07.15"]
[Round "6.29"]
[White "Ruhl, Marcel"]
[Black "Hansult, Manfred"]
[Result "0-1"]
[WhiteElo "1721"]
[BlackElo "1842"]
[PlyCount "82"]
[EventDate "2018.??.??"]
[WhiteTeam "Deutschland"]
[BlackTeam "Deutschland"]
[WhiteTeamCountry "GER"]
[BlackTeamCountry "GER"]
[WhiteClock "1:30:30"]
[BlackClock "1:30:30"]

1. d4 d5 2. c4 c6 3. cxd5 cxd5 4. Nc3 Nf6 5. Bf4 Nc6 6. e3 a6 7. Bd3 Bg4 8.
Nge2 e6 9. a3 Bxe2 10. Qxe2 Bd6 11. Bg5 h6 12. Bh4 Rc8 13. O-O O-O 14. f4 Be7
15. Kh1 b5 16. Nxb5 axb5 17. Bxb5 Ne4 18. Be1 Qb6 19. Bd3 Ra8 20. Bxe4 dxe4 21.
Qc2 Rfc8 22. Bc3 f5 23. Rfb1 Na5 24. Bxa5 Qxa5 25. Qd1 Qa4 26. Qxa4 Rxa4 27.
Rc1 Rxc1+ 28. Rxc1 Kf7 29. Kg1 Ke8 30. Kf1 Kd7 31. Ke2 g5 32. g3 gxf4 33. gxf4
Ra6 34. Rc3 Rc6 35. Kd2 Kc7 36. Kc2 Bh4 37. Rc5 Be7 38. Rxc6+ Kxc6 39. Kc3 Bh4
40. Kd2 Kb5 41. Kc3 Bf2 0-1

[Event "10th Vellmar Chess Days"]
[Site "chess24.com"]
[Date "2018.07.15"]
[Round "6.30"]
[White "Jungklaus, Lars"]
[Black "Michels, Fabio"]
[Result "1/2-1/2"]
[WhiteElo "1742"]
[BlackElo "1729"]
[PlyCount "53"]
[EventDate "2018.??.??"]
[WhiteTeam "Deutschland"]
[BlackTeam "Deutschland"]
[WhiteTeamCountry "GER"]
[BlackTeamCountry "GER"]
[WhiteClock "1:30:30"]
[BlackClock "1:30:30"]

1. d4 Nf6 2. c4 c5 3. Nf3 g6 4. Nc3 cxd4 5. Nxd4 Bg7 6. e4 d6 7. Be2 Nc6 8. Be3
O-O 9. Qd2 Bd7 10. f3 a6 11. O-O Rc8 12. Rfc1 Qa5 13. a3 Nxd4 14. Bxd4 Be6 15.
b4 Qc7 16. Nd5 Bxd5 17. cxd5 Qd7 18. Qb2 Rxc1+ 19. Rxc1 Rc8 20. Rxc8+ Qxc8 21.
b5 axb5 22. Bxb5 Qc7 23. Kf1 Nh5 24. Bxg7 Nxg7 25. g4 Qb6 26. Qe2 Qc5 27. a4
1/2-1/2

[Event "10th Vellmar Chess Days"]
[Site "chess24.com"]
[Date "2018.07.15"]
[Round "6.31"]
[White "Koronowski, Heinz-Juergen"]
[Black "Kroemer, Alexander"]
[Result "1/2-1/2"]
[WhiteElo "1759"]
[BlackElo "1564"]
[PlyCount "75"]
[EventDate "2018.??.??"]
[WhiteTeam "Deutschland"]
[BlackTeam "Deutschland"]
[WhiteTeamCountry "GER"]
[BlackTeamCountry "GER"]
[WhiteClock "1:30:30"]
[BlackClock "1:30:30"]

1. e4 c5 2. Nc3 Nc6 3. f4 e6 4. Nf3 d5 5. Bb5 a6 6. exd5 axb5 7. dxc6 bxc6 8.
O-O Nf6 9. d3 Be7 10. a4 O-O 11. Bd2 b4 12. Ne2 Nd5 13. b3 Qb6 14. Kh1 Bf6 15.
Rb1 Re8 16. Qe1 e5 17. fxe5 Bxe5 18. Nxe5 Rxe5 19. Qf2 f6 20. Rbe1 Ra7 21. Ng3
Rae7 22. Rxe5 Rxe5 23. Re1 Qc7 24. Ne4 Qb6 25. Qxc5 Rxe4 26. Qxb6 Rxe1+ 27.
Bxe1 Nxb6 28. Bxb4 Kf7 29. Kg1 Ke6 30. Kf2 Ke5 31. Bf8 g6 32. Ba3 f5 33. Bb2+
Ke6 34. c4 Nd7 35. d4 Nf6 36. Ke2 Ne4 37. b4 Kd6 38. Ke3 1/2-1/2

[Event "10th Vellmar Chess Days"]
[Site "chess24.com"]
[Date "2018.07.15"]
[Round "6.32"]
[White "Werner, Rosalie"]
[Black "Hofschlag, Dirk"]
[Result "1/2-1/2"]
[WhiteElo "1564"]
[BlackElo "1708"]
[PlyCount "135"]
[EventDate "2018.??.??"]
[WhiteTeam "Deutschland"]
[BlackTeam "Deutschland"]
[WhiteTeamCountry "GER"]
[BlackTeamCountry "GER"]
[WhiteClock "1:30:30"]
[BlackClock "1:30:30"]

1. e4 Nc6 2. d4 e6 3. Nf3 Nce7 4. Nc3 Ng6 5. Bd3 d6 6. h4 e5 7. Be3 Be7 8. g3
Bg4 9. Be2 Nf6 10. Nh2 Bxe2 11. Qxe2 exd4 12. Bxd4 Ne5 13. O-O-O Qc8 14. Bxe5
dxe5 15. Qb5+ Nd7 16. Nf3 c6 17. Qd3 Qc7 18. Rd2 O-O-O 19. Rhd1 Nb6 20. Qe2 Bb4
21. Qe3 f6 22. Rxd8+ Rxd8 23. Rxd8+ Qxd8 24. a3 Bd6 25. Nd2 Bc7 26. f4 exf4 27.
gxf4 g6 28. Qf2 Qd6 29. f5 Qg3 30. Qxg3 Bxg3 31. Nf3 Nc4 32. Ne2 Bd6 33. fxg6
hxg6 34. c3 Kd7 35. Kc2 f5 36. exf5 Ne3+ 37. Kd3 Nxf5 38. Ned4 Ng3 39. Ng5 Bf4
40. b4 Bc1 41. a4 b6 42. Ngf3 Kd6 43. Ne2 Nxe2 44. Kxe2 b5 45. axb5 cxb5 46.
Kd3 Bh6 47. Ke4 Bg7 48. Nd4 a6 49. Kd3 Kd5 50. Nf3 Bf6 51. Ng5 Bxg5 52. hxg5
Ke5 53. c4 bxc4+ 54. Kxc4 Kd6 55. Kd4 Kc6 56. Ke5 Kb5 57. Kf6 Kxb4 58. Kxg6 a5
59. Kh7 a4 60. g6 a3 61. g7 a2 62. g8=Q a1=Q 63. Qb8+ Kc5 64. Qc7+ Kd5 65. Qd7+
Ke4 66. Qg4+ Ke3 67. Qg3+ Ke4 68. Qg6+ 1/2-1/2

[Event "10th Vellmar Chess Days"]
[Site "chess24.com"]
[Date "2018.07.15"]
[Round "7.1"]
[White "Meyner, Hannes"]
[Black "Pap, Misa"]
[Result "1/2-1/2"]
[WhiteElo "2170"]
[BlackElo "2473"]
[PlyCount "40"]
[EventDate "2018.??.??"]
[WhiteTeam "Deutschland"]
[BlackTeam "Serbien"]
[WhiteTeamCountry "GER"]
[BlackTeamCountry "SRB"]
[WhiteClock "0:51:06"]
[BlackClock "0:29:15"]

1. d4 Nf6 2. c4 e6 3. Nc3 Bb4 4. Qc2 Nc6 5. Nf3 d6 6. a3 Bxc3+ 7. Qxc3 O-O 8.
g3 e5 9. d5 Ne7 10. Bg2 a5 11. b3 Ne4 12. Qc2 Nc5 13. Nd2 f5 14. Bb2 Bd7 15.
Rc1 f4 16. b4 axb4 17. axb4 Bf5 18. Qd1 Na4 19. Ba1 Ng6 20. Ne4 Qe7 1/2-1/2

[Event "10th Vellmar Chess Days"]
[Site "chess24.com"]
[Date "2018.07.15"]
[Round "7.2"]
[White "Wenninger, Philipp"]
[Black "Spiess, Gunter"]
[Result "1-0"]
[WhiteElo "2371"]
[BlackElo "2422"]
[PlyCount "95"]
[EventDate "2018.??.??"]
[WhiteTeam "Deutschland"]
[BlackTeam "Deutschland"]
[WhiteTeamCountry "GER"]
[BlackTeamCountry "GER"]
[WhiteClock "0:02:33"]
[BlackClock "0:01:44"]

1. d4 d5 2. c4 e6 3. Nc3 c6 4. e3 Nf6 5. Nf3 Nbd7 6. Qc2 b6 7. Bd3 Bb7 8. O-O
Be7 9. e4 dxe4 10. Nxe4 Nxe4 11. Bxe4 Nf6 12. Bf4 O-O 13. Rfd1 Nxe4 14. Qxe4
Rc8 15. Rac1 Re8 16. Rd3 Bf8 17. Ng5 g6 18. Rh3 f5 19. Qe2 h6 20. Nxe6 Qf6 21.
Re3 g5 22. Nxf8 Qxf8 23. Be5 c5 24. d5 f4 25. Re4 Qf5 26. f3 Rcd8 27. Re1 Bc8
28. b3 Bd7 29. Ba1 Qf7 30. Qb2 Kh7 31. Kf2 Kg6 32. Qe2 Qf5 33. Kg1 Qf7 34. h3
Qf5 35. Kh2 Qf7 36. a4 Qf5 37. Bc3 Qf7 38. a5 h5 39. a6 g4 40. fxg4 hxg4 41.
hxg4 Rxe4 42. Qxe4+ Kg5 43. Qe7+ Qxe7 44. Rxe7 Kxg4 45. Rf7 Bf5 46. Rg7+ Kh5
47. Bf6 Rf8 48. Rg5+ 1-0

[Event "10th Vellmar Chess Days"]
[Site "chess24.com"]
[Date "2018.07.15"]
[Round "7.3"]
[White "Hahn, Markus"]
[Black "Henrich, Thomas"]
[Result "1/2-1/2"]
[WhiteElo "2263"]
[BlackElo "2179"]
[PlyCount "41"]
[EventDate "2018.??.??"]
[WhiteTeam "Deutschland"]
[BlackTeam "Deutschland"]
[WhiteTeamCountry "GER"]
[BlackTeamCountry "GER"]
[WhiteClock "0:16:22"]
[BlackClock "0:28:37"]

1. d4 Nf6 2. c4 g6 3. Nf3 Bg7 4. Nc3 d5 5. Bg5 Ne4 6. Bh4 Nxc3 7. bxc3 dxc4 8.
Qa4+ c6 9. Qxc4 Qa5 10. e4 Be6 11. Qd3 c5 12. Qb5+ Qxb5 13. Bxb5+ Bd7 14. Bxd7+
Nxd7 15. Rb1 b6 16. Ke2 Rc8 17. Kd3 e5 18. dxe5 Nxe5+ 19. Nxe5 Bxe5 20. Kc4 Kd7
21. a4 1/2-1/2

[Event "10th Vellmar Chess Days"]
[Site "chess24.com"]
[Date "2018.07.15"]
[Round "7.4"]
[White "Euler, Gerd"]
[Black "Hahn, Florian"]
[Result "1-0"]
[WhiteElo "2307"]
[BlackElo "2189"]
[PlyCount "61"]
[EventDate "2018.??.??"]
[WhiteTeam "Deutschland"]
[BlackTeam "Deutschland"]
[WhiteTeamCountry "GER"]
[BlackTeamCountry "GER"]
[WhiteClock "1:12:55"]
[BlackClock "0:08:58"]

1. d4 Nf6 2. Bg5 g6 3. Nc3 d5 4. Qd2 Bg7 5. Bh6 O-O 6. Bxg7 Kxg7 7. O-O-O Be6
8. h4 c5 9. h5 cxd4 10. Qxd4 Qa5 11. hxg6 fxg6 12. Qe3 Qb6 13. Qh6+ Kg8 14. e4
d4 15. Nce2 Nc6 16. e5 Nxe5 17. Nxd4 Bc4 18. Ngf3 Bxf1 19. Nxe5 Rfd8 20. c3
Bxg2 21. Rhg1 Be4 22. Nxg6 hxg6 23. Rxg6+ Bxg6 24. Qxg6+ Kf8 25. Rh1 e5 26.
Rh8+ Ke7 27. Qg7+ Kd6 28. Qxf6+ Kd5 29. Qf7+ Kc5 30. b4+ Kd6 31. Rh6# 1-0

[Event "10th Vellmar Chess Days"]
[Site "chess24.com"]
[Date "2018.07.15"]
[Round "7.5"]
[White "Kersten, Uwe"]
[Black "Weiss, Jochen"]
[Result "1-0"]
[WhiteElo "2237"]
[BlackElo "2145"]
[PlyCount "39"]
[EventDate "2018.??.??"]
[WhiteTeam "Deutschland"]
[BlackTeam "Deutschland"]
[WhiteTeamCountry "GER"]
[BlackTeamCountry "GER"]
[WhiteClock "0:24:41"]
[BlackClock "0:56:17"]

1. e4 c5 2. Nf3 Nf6 3. e5 Nd5 4. g3 Nc6 5. Bg2 d6 6. exd6 Qxd6 7. O-O e5 8. Na3
Nb6 9. Re1 f6 10. Nb5 Qd8 11. d4 cxd4 12. Nfxd4 Nxd4 13. Nxd4 Be7 14. Nb5 Qxd1
15. Rxd1 O-O 16. Be3 Bg4 17. Re1 Rad8 18. Bf1 Nc8 19. Nxa7 Nxa7 20. Bxa7 1-0

[Event "10th Vellmar Chess Days"]
[Site "chess24.com"]
[Date "2018.07.15"]
[Round "7.6"]
[White "Lesny, Florian"]
[Black "Nilsson, Anders 1976"]
[Result "0-1"]
[WhiteElo "2066"]
[BlackElo "2228"]
[PlyCount "70"]
[EventDate "2018.??.??"]
[WhiteTeam "Deutschland"]
[BlackTeam "Schweden"]
[WhiteTeamCountry "GER"]
[BlackTeamCountry "SWE"]
[WhiteClock "0:12:15"]
[BlackClock "0:04:18"]

1. e4 e6 2. d4 d5 3. e5 Bd7 4. Nf3 a6 5. Be2 Bb5 6. O-O Ne7 7. Nc3 Bxe2 8. Nxe2
Nf5 9. Ng3 Nxg3 10. hxg3 Be7 11. Nh2 h5 12. f4 g6 13. Be3 Nc6 14. b3 Qd7 15. c4
Bf8 16. Qd2 Ne7 17. g4 Bg7 18. Rad1 hxg4 19. Nxg4 Nf5 20. Bf2 O-O-O 21. Ne3 Rh7
22. g4 Nxe3 23. Qxe3 dxc4 24. bxc4 Qc6 25. d5 exd5 26. Qa7 b6 27. Qxa6+ Kb8 28.
cxd5 Rxd5 29. Rc1 Qd7 30. Qe2 Rd3 31. Be3 Rh3 32. Rxc7 Kxc7 33. Rc1+ Kb8 34.
Rb1 Rhxe3 35. Rxb6+ Ka7 0-1

[Event "10th Vellmar Chess Days"]
[Site "chess24.com"]
[Date "2018.07.15"]
[Round "7.7"]
[White "Dorst, Johannes"]
[Black "Brockhoff, Moritz"]
[Result "1-0"]
[WhiteElo "2217"]
[BlackElo "1927"]
[PlyCount "55"]
[EventDate "2018.??.??"]
[WhiteTeam "Deutschland"]
[BlackTeam "Deutschland"]
[WhiteTeamCountry "GER"]
[BlackTeamCountry "GER"]
[WhiteClock "0:23:59"]
[BlackClock "0:27:14"]

1. e4 e6 2. d4 d5 3. Nc3 Nf6 4. e5 Nfd7 5. f4 c5 6. Nf3 Nc6 7. Be3 a6 8. Qd2 b5
9. a3 Qb6 10. Ne2 Bb7 11. c3 Rc8 12. dxc5 Bxc5 13. Ned4 Bxd4 14. Nxd4 Nc5 15.
Qc2 Kd7 16. Nb3 d4 17. Nxd4 Nxd4 18. Bxd4 Qc7 19. Bd3 Rhd8 20. O-O Ke7 21. f5
Nxd3 22. f6+ gxf6 23. exf6+ Kd7 24. Qxd3 Rg8 25. Rf2 Qc6 26. Be5+ Ke8 27. Bg3
Qe4 28. Qd6 1-0

[Event "10th Vellmar Chess Days"]
[Site "chess24.com"]
[Date "2018.07.15"]
[Round "7.8"]
[White "Reitz, Philipp"]
[Black "Toepfer, Albrecht"]
[Result "1-0"]
[WhiteElo "1990"]
[BlackElo "2077"]
[PlyCount "45"]
[EventDate "2018.??.??"]
[WhiteTeam "Deutschland"]
[BlackTeam "Deutschland"]
[WhiteTeamCountry "GER"]
[BlackTeamCountry "GER"]
[WhiteClock "1:14:06"]
[BlackClock "0:34:09"]

1. e4 c5 2. Nc3 Nc6 3. Bb5 Nd4 4. Bc4 g6 5. Nge2 Bg7 6. Nxd4 cxd4 7. Qf3 Nh6 8.
Ne2 O-O 9. d3 Qb6 10. Bb3 d6 11. Qg3 Kh8 12. h4 Qa5+ 13. Bd2 Qh5 14. Nf4 Qg4
15. Qh2 e5 16. f3 Qd7 17. Nd5 f6 18. O-O-O Ng8 19. g4 h6 20. Rdg1 Ne7 21. f4
Nxd5 22. Bxd5 Qe7 23. f5 1-0

[Event "10th Vellmar Chess Days"]
[Site "chess24.com"]
[Date "2018.07.15"]
[Round "7.10"]
[White "Braun, Ingram"]
[Black "Retzlaff, Thomas"]
[Result "1-0"]
[WhiteElo "2065"]
[BlackElo "1879"]
[PlyCount "61"]
[EventDate "2018.??.??"]
[WhiteTeam "Deutschland"]
[BlackTeam "Deutschland"]
[WhiteTeamCountry "GER"]
[BlackTeamCountry "GER"]
[WhiteClock "1:30:30"]
[BlackClock "1:30:30"]

1. g3 Nf6 2. Bg2 g6 3. d3 Bg7 4. e4 d6 5. Nc3 e5 6. Nge2 Nc6 7. O-O O-O 8. h3
b6 9. Be3 Bb7 10. Qd2 Ne7 11. d4 c5 12. d5 Nd7 13. Nb5 Qb8 14. c4 a6 15. Nbc3
f5 16. Rae1 Qc7 17. b3 Rad8 18. f4 Rf7 19. fxe5 Bxe5 20. Bf4 Bc8 21. Kh2 Bg7
22. Bg5 Bf6 23. exf5 Nxf5 24. Ne4 Rdf8 25. Nf4 Qd8 26. Ne6 Qe7 27. Nxf6+ Nxf6
28. g4 h6 29. Bxf6 Rxf6 30. gxf5 gxf5 31. Nxf8 1-0

[Event "10th Vellmar Chess Days"]
[Site "chess24.com"]
[Date "2018.07.15"]
[Round "7.11"]
[White "Pauls, Wilhelm"]
[Black "Scharrer, Udo"]
[Result "1/2-1/2"]
[WhiteElo "1971"]
[BlackElo "2054"]
[PlyCount "30"]
[EventDate "2018.??.??"]
[WhiteTeam "Deutschland"]
[BlackTeam "Deutschland"]
[WhiteTeamCountry "GER"]
[BlackTeamCountry "GER"]
[WhiteClock "1:30:30"]
[BlackClock "1:30:30"]

1. e4 c5 2. Nf3 Nc6 3. d4 cxd4 4. Nxd4 Nf6 5. Nc3 e5 6. Ndb5 d6 7. Bg5 a6 8.
Na3 b5 9. Nd5 Be7 10. Bxf6 Bxf6 11. c4 b4 12. Nc2 a5 13. g3 O-O 14. Bg2 Be7 15.
O-O Be6 1/2-1/2

[Event "10th Vellmar Chess Days"]
[Site "chess24.com"]
[Date "2018.07.15"]
[Round "7.12"]
[White "Hehn, Hartmut"]
[Black "Krause, Maximilian"]
[Result "0-1"]
[WhiteElo "2046"]
[BlackElo "1827"]
[PlyCount "48"]
[EventDate "2018.??.??"]
[WhiteTeam "Deutschland"]
[BlackTeam "Deutschland"]
[WhiteTeamCountry "GER"]
[BlackTeamCountry "GER"]
[WhiteClock "1:30:30"]
[BlackClock "1:30:30"]

1. d4 Nf6 2. Nc3 d5 3. Bf4 e6 4. e3 a6 5. Nf3 Be7 6. Ne5 Nbd7 7. Bd3 c5 8. O-O
O-O 9. a4 Nxe5 10. Bxe5 b6 11. b3 Bb7 12. f4 Qc8 13. Rf3 Ne4 14. Bxg7 Kxg7 15.
Nxe4 dxe4 16. Rh3 Rg8 17. Qh5 Kf8 18. Qh6+ Ke8 19. Qxh7 Rg6 20. Bc4 Bd5 21. f5
Rg5 22. fxe6 Qxe6 23. Qh8+ Bf8 24. Rh6 Qxh6 0-1

[Event "10th Vellmar Chess Days"]
[Site "chess24.com"]
[Date "2018.07.15"]
[Round "7.13"]
[White "Koenig, Friedrich Theodor"]
[Black "Brouer, Pieter"]
[Result "1-0"]
[WhiteElo "1833"]
[BlackElo "2026"]
[PlyCount "107"]
[EventDate "2018.??.??"]
[WhiteTeam "Deutschland"]
[BlackTeam "Deutschland"]
[WhiteTeamCountry "GER"]
[BlackTeamCountry "GER"]
[WhiteClock "1:30:30"]
[BlackClock "1:30:30"]

1. Nf3 g6 2. g3 Bg7 3. Bg2 f5 4. d4 Nf6 5. b3 O-O 6. O-O Ne4 7. Bb2 a5 8. Nbd2
d5 9. c4 Be6 10. Nxe4 dxe4 11. Ng5 Bf7 12. Qd2 e5 13. d5 c6 14. Rfd1 cxd5 15.
cxd5 h6 16. Nxf7 Rxf7 17. e3 Kh7 18. Bf1 Qb6 19. Rac1 Rd7 20. Rc8 Rd8 21. Rxd8
Qxd8 22. Bb5 Nd7 23. Ba3 Bf8 24. Bxf8 Nxf8 25. d6 Qf6 26. Qd5 Rd8 27. Qxb7+ Kh8
28. Qe7 Nh7 29. Kg2 g5 30. Qxf6+ Nxf6 31. d7 Kg7 32. Rd6 Kf7 33. Bc4+ Kg7 34.
Be6 f4 35. a3 h5 36. b4 axb4 37. axb4 f3+ 38. Kf1 h4 39. Ke1 Kf8 40. Bf5 Kf7
41. Kd1 hxg3 42. hxg3 Ke7 43. Re6+ Kxd7 44. Rxf6+ Ke7+ 45. Kc2 Kxf6 46. Bxe4 g4
47. b5 Rc8+ 48. Kb3 Rc1 49. b6 Rc8 50. b7 Rb8 51. Kc4 Ke6 52. Kc5 Kd7 53. Bf5+
Kc7 54. Bc8 1-0

[Event "10th Vellmar Chess Days"]
[Site "chess24.com"]
[Date "2018.07.15"]
[Round "7.14"]
[White "Werner, Martin"]
[Black "Ruhl, Moritz"]
[Result "1-0"]
[WhiteElo "2018"]
[BlackElo "1783"]
[PlyCount "69"]
[EventDate "2018.??.??"]
[WhiteTeam "Deutschland"]
[BlackTeam "Deutschland"]
[WhiteTeamCountry "GER"]
[BlackTeamCountry "GER"]
[WhiteClock "1:30:30"]
[BlackClock "1:30:30"]

1. d4 d5 2. Nc3 e6 3. e4 Nf6 4. Bg5 Be7 5. Bxf6 Bxf6 6. Nf3 O-O 7. Bd3 dxe4 8.
Nxe4 Bxd4 9. Neg5 g6 10. Nxh7 Bxf2+ 11. Kxf2 Kxh7 12. h4 f5 13. Qd2 Kg8 14. h5
gxh5 15. Rxh5 Kf7 16. Rah1 Nc6 17. Qh6 Ke7 18. Bc4 Qd6 19. Qg5+ Ke8 20. Qg6+
Kd8 21. Be2 Ne7 22. Qg7 Qc5+ 23. Kf1 Re8 24. Rh8 Bd7 25. Ne5 c6 26. Qg3 Nd5 27.
Nf7+ Ke7 28. Qg5+ Nf6 29. R8h7 Rf8 30. Ne5+ Kd6 31. Nf7+ Kc7 32. Qxf6 Qxc2 33.
Qd4 Qc1+ 34. Kf2 Qc2 35. Ne5 1-0

[Event "10th Vellmar Chess Days"]
[Site "chess24.com"]
[Date "2018.07.15"]
[Round "7.15"]
[White "Heinelt, Manfred"]
[Black "Fromm, Nick"]
[Result "1-0"]
[WhiteElo "2126"]
[BlackElo "1614"]
[PlyCount "43"]
[EventDate "2018.??.??"]
[WhiteTeam "Deutschland"]
[BlackTeam "Deutschland"]
[WhiteTeamCountry "GER"]
[BlackTeamCountry "GER"]
[WhiteClock "1:30:30"]
[BlackClock "1:30:30"]

1. e4 e6 2. d4 d5 3. Nc3 Nc6 4. Nf3 Nf6 5. Bg5 Be7 6. Bxf6 Bxf6 7. e5 Be7 8. a3
Bd7 9. Bd3 a6 10. O-O Na7 11. Ne2 b5 12. b4 c6 13. Ng3 Qc7 14. c3 O-O-O 15. a4
Rdg8 16. axb5 axb5 17. Ra6 h5 18. Qa1 Kb8 19. Qa2 h4 20. Ne2 Qb7 21. Ra1 Nc8
22. Qa5 1-0

[Event "10th Vellmar Chess Days"]
[Site "chess24.com"]
[Date "2018.07.15"]
[Round "7.16"]
[White "Reichenbaecher, Thomas"]
[Black "Weber, Samuel"]
[Result "0-1"]
[WhiteElo "1966"]
[BlackElo "2197"]
[PlyCount "58"]
[EventDate "2018.??.??"]
[WhiteTeam "Deutschland"]
[BlackTeam "Deutschland"]
[WhiteTeamCountry "GER"]
[BlackTeamCountry "GER"]
[WhiteClock "1:30:30"]
[BlackClock "1:30:30"]

1. c4 Nf6 2. Nc3 e6 3. e4 Nc6 4. Nf3 e5 5. g3 d6 6. h3 g6 7. d3 Bg7 8. Bg2 O-O
9. Nd5 Nxd5 10. cxd5 Ne7 11. O-O c6 12. dxc6 bxc6 13. Bg5 h6 14. Bxe7 Qxe7 15.
Qc2 Bd7 16. Rad1 a5 17. Rfe1 Rfb8 18. Nd2 Be6 19. Nc4 Bxc4 20. dxc4 a4 21. Rd3
Bf8 22. b4 Rxb4 23. c5 dxc5 24. Red1 Qe6 25. Kh2 a3 26. Rb3 Rxb3 27. axb3 Rb8
28. Rb1 c4 29. b4 Rxb4 0-1

[Event "10th Vellmar Chess Days"]
[Site "chess24.com"]
[Date "2018.07.15"]
[Round "7.17"]
[White "Eggenstein, Frank"]
[Black "Arya Nirag Shah"]
[Result "1/2-1/2"]
[WhiteElo "1987"]
[BlackElo "1819"]
[PlyCount "25"]
[EventDate "2018.??.??"]
[WhiteTeam "Deutschland"]
[BlackTeam "Indien"]
[WhiteTeamCountry "GER"]
[BlackTeamCountry "IND"]
[WhiteClock "1:30:30"]
[BlackClock "1:30:30"]

1. e4 d5 2. Nc3 dxe4 3. Nxe4 e5 4. d3 Nf6 5. Nxf6+ Qxf6 6. Nf3 Bg4 7. Be2 Nc6
8. h3 Bh5 9. Be3 h6 10. Nd2 Bxe2 11. Qxe2 O-O-O 12. Qg4+ Kb8 13. Qa4 1/2-1/2

[Event "10th Vellmar Chess Days"]
[Site "chess24.com"]
[Date "2018.07.15"]
[Round "7.18"]
[White "Meyer, Marcel"]
[Black "Henkemeier, Michael"]
[Result "0-1"]
[WhiteElo "1776"]
[BlackElo "1856"]
[PlyCount "80"]
[EventDate "2018.??.??"]
[WhiteTeam "Deutschland"]
[BlackTeam "Deutschland"]
[WhiteTeamCountry "GER"]
[BlackTeamCountry "GER"]
[WhiteClock "1:30:30"]
[BlackClock "1:30:30"]

1. d4 Nf6 2. c4 e6 3. Nc3 Bb4 4. e3 Ne4 5. Bd2 Nxd2 6. Qxd2 b6 7. a3 Be7 8. Nf3
Bb7 9. e4 d6 10. Bd3 Nd7 11. b4 O-O 12. O-O f5 13. Rfe1 f4 14. Ne2 e5 15. d5 g5
16. h3 h5 17. Nh2 Nf6 18. g4 Qd7 19. f3 Kf7 20. Kf2 Rh8 21. Rh1 Rh7 22. Rag1
Rah8 23. Nxf4 gxf4 24. g5 Rg7 25. gxf6 Bxf6 26. Rxg7+ Kxg7 27. Rg1+ Kf7 28. Bf1
Bh4+ 29. Ke2 Bg3 30. Rh1 Rg8 31. Bg2 Qe7 32. Nf1 Bc8 33. Qc3 Be1 34. Kxe1 Qh4+
35. Kd1 Rxg2 36. Qe1 Qxe1+ 37. Kxe1 Ra2 38. Rg1 Rxa3 39. Rg5 Rxf3 40. Rxh5 Rxh3
0-1

[Event "10th Vellmar Chess Days"]
[Site "chess24.com"]
[Date "2018.07.15"]
[Round "7.19"]
[White "Haack, Kevin"]
[Black "Simukov, Erik"]
[Result "1/2-1/2"]
[WhiteElo "1869"]
[BlackElo "1813"]
[PlyCount "38"]
[EventDate "2018.??.??"]
[WhiteTeam "Deutschland"]
[BlackTeam "Deutschland"]
[WhiteTeamCountry "GER"]
[BlackTeamCountry "GER"]
[WhiteClock "1:30:30"]
[BlackClock "1:30:30"]

1. c4 e6 2. g3 d5 3. Bg2 Nf6 4. Nf3 c6 5. O-O Nbd7 6. d4 Bd6 7. Nbd2 O-O 8. Qc2
Re8 9. b3 e5 10. dxe5 Nxe5 11. Bb2 dxc4 12. Nxc4 Nxc4 13. Qxc4 Bf5 14. Rfe1 Qe7
15. Rad1 Rad8 16. e4 Be6 17. Qc2 Bb4 18. Re2 Rxd1+ 19. Qxd1 Rd8 1/2-1/2

[Event "10th Vellmar Chess Days"]
[Site "chess24.com"]
[Date "2018.07.15"]
[Round "7.21"]
[White "Hansult, Manfred"]
[Black "Wiegel, Joerg"]
[Result "1/2-1/2"]
[WhiteElo "1842"]
[BlackElo "2094"]
[PlyCount "54"]
[EventDate "2018.??.??"]
[WhiteTeam "Deutschland"]
[BlackTeam "Deutschland"]
[WhiteTeamCountry "GER"]
[BlackTeamCountry "GER"]
[WhiteClock "1:30:30"]
[BlackClock "1:30:30"]

1. d4 e6 2. Nf3 f5 3. g3 Nf6 4. Bg2 d5 5. O-O Bd6 6. b3 Qe7 7. Bb2 O-O 8. Qc1
Nbd7 9. Ba3 Ne4 10. Bxd6 Nxd6 11. c4 c6 12. Qa3 Nf6 13. Ne5 Qd8 14. e3 Nf7 15.
Nxf7 Rxf7 16. Nd2 g5 17. Nf3 Rg7 18. Ne5 h5 19. b4 h4 20. b5 Qe8 21. bxc6 bxc6
22. cxd5 cxd5 23. Rfc1 Ne4 24. Bxe4 dxe4 25. Rc5 Bb7 26. Rac1 h3 27. Qc3 Qd8
1/2-1/2